000 00370nam a22001217a 4500
999 _c1883
_d1883
005 20200904143628.0
008 200904b ||||| |||| 00| 0 eng d
020 _a039505561x
040 _cCML
245 _aGeology The paradox of Earth and Man.
_cYoung, K.
260 _aU.S.A
_bHounghton Mifflin Company
_c1975
942 _2ddc
_cBK
_e1st Edition
_h550
_mYOU